01303nab a22002417a 4500999001500000003000400015005001700019008004100036040000700077100003000084245011800114260007200232300001500304500005100319505031100370505008900681650002600770650003800796650003000834650004000864773014400904942001301048 c6034d6034OSt20260116210344.0190605e xxu||||| |||| 00| 0 spa d cPJ 96446aLerussi, Gustavo D.13aLa consolidación de la cosa juzgada administrativa en el sistema de riesgos del trabajo /cGustavo D. Lerussi.  aCiudad Autónoma de Buenos Aires :bThomson Reuters La Ley,c2025. ap. 267-270 aCita Online: Cita: TR LALEY AR/DOC/2016/2025. aSumario: I. Introducción.— II. El caso Alegre y la decisión del Tribunal.— III. El precedente Lescano (SCBA, 2024).— IV. El caso Peralta y el pronunciamiento del TSJ de Córdoba.— V. Comparación analógica y valoración conjunta.— VI. Conclusión.— VII. Referencias bibliográficas.  t¿Te interesa el texto completo? Solicitalo al correo: koha@justierradelfuego.gov.ar 091316aDERECHO LABORAL 092997aCOSA JUZGADA ADMINISTRATIVA 091430aRIESGOS DEL TRABAJO 091482aLEY SOBRE RIESGOS DEL TRABAJO0 0271193168dCiudad Autónoma de Buenos Aires : Thomson Reuters La Ley, 1999-2002.tRevista de derecho del trabajo. Nº 5 - Septiembre 2025 2udccANA